00399nam a2200121Ia 4500003000400000005001700004008004100021040001800062041000800080100005700088245009500145260003700240OSt20260123112909.0211028s2016 xx 000 0 und d cAIMIT LIBRARY aeng aFarooqui, Mohaammed Rehan; Kairanna, Sneha.g1416084 aStudy on effect of payback cards on improving customer loyaly in brand factory Mangalore / aMangalorebSneha Kairanna.c2016